MARC details
| 000 -LEADER |
| campo de control de longitud fija |
02947nam a2200409 i 4500 |
| 001 - NÚMERO DE CONTROL |
| campo de control |
195290 |
| 003 - IDENTIFICADOR DE NÚMERO DE CONTROL |
| campo de control |
SpMaBN |
| 005 - FECHA Y HORA DE LA ÚLTIMA TRANSACCIÓN |
| campo de control |
20250708192710.0 |
| 008 - DATOS DE LONGITUD FIJA--INFORMACIÓN GENERAL |
| campo de control de longitud fija |
240605s2016 sp a 000 spa |
| 015 ## - NÚMERO DE BIBLIOGRAFÍA NACIONAL |
| Número de bibliografía nacional |
MON16 |
| 017 ## - NÚMERO DE COPYRIGHT O DE DEPÓSITO LEGAL |
| Número de copyright o de depósito legal |
B 299-2016 |
| Agencia que asigna |
Oficina Depósito Legal Barcelona |
| 020 ## - NÚMERO INTERNACIONAL ESTÁNDAR DEL LIBRO |
| Número Internacional Estándar del Libro |
9788434423107 |
| 035 ## - NÚMERO DE CONTROL DEL SISTEMA |
| Número de control de sistema |
(OCoLC)947285003 |
| 040 ## - FUENTE DE CATALOGACIÓN |
| Centro catalogador/agencia de origen |
SpMaBN |
| Lengua de catalogación |
spa |
| Centro/agencia transcriptor |
SpMaBN |
| Normas de descripción |
rdc |
| Centro/agencia modificador |
ES-MaACL |
| 080 ## - NÚMERO DE LA CLASIFICACIÓN DECIMAL UNIVERSAL |
| Número de la Clasificación Decimal Universal |
811.134.2'373.6 |
| 100 ## - ENTRADA PRINCIPAL--NOMBRE DE PERSONA |
| Nombre de persona |
Hoyo, Javier del, |
| Fechas asociadas al nombre |
1959- |
| Número de control del registro de autoridad o número normalizado |
XX871948 |
| 9 (RLIN) |
236841 |
| Término indicativo de función/relación |
Autor |
| 240 10 - TÍTULO UNIFORME |
| Título uniforme |
Eponimón |
| 245 10 - MENCIÓN DEL TÍTULO |
| Título |
Eponimón : |
| Resto del título |
el sorprendente origen de las palabras con nombre propio / |
| Mención de responsabilidad, etc. |
Javier del Hoyo ; ilustraciones de J. Mauricio Restrepo |
| 250 ## - MENCION DE EDICION |
| Mención de edición |
Primera edición: febrero 2016 |
| 260 ## - PUBLICACIÓN, DISTRIBUCIÓN, ETC. |
| Lugar de publicación, distribución, etc. |
[Barcelona] : |
| Nombre del editor, distribuidor, etc. |
Ariel, |
| Fecha de publicación, distribución, etc. |
2016. |
| 300 ## - DESCRIPCIÓN FÍSICA |
| Extensión |
300 páginas : |
| Otras características físicas |
ilustrado ; |
| Dimensiones |
23 cm |
| 336 ## - TIPO DE CONTENIDO |
| Término de tipo de contenido |
Texto (visual) |
| Fuente |
isbdcontent |
| 337 ## - TIPO DE MEDIO |
| Nombre/término del tipo de medio |
sin mediación |
| Fuente |
isbdmedia |
| 338 ## - TIPO DE SOPORTE |
| Fuente |
rdacarrier |
| Nombre/término del tipo de soporte |
volumen |
| 490 0# - MENCIÓN DE SERIE |
| Mención de serie |
Claves |
| 500 ## - NOTA GENERAL |
| Nota general |
Índice |
| 520 ## - RESUMEN, ETC. |
| Sumario, etc. |
Después del Etimologicón, Javier del Hoyo vuelve a descubrirnos nuevas curiosidades sobre el origen de las palabras con nombre y apellido. Comerse un sándwich, hacer pilates, comprarse unos manolos El procedimiento de adoptar un nombre propio para un objeto o situación ha existido siempre, y no parece que vaya a agotarse. Así, cada día usamos palabras que desconocemos que proceden de un apellido, de un nombre de persona o de una ciudad. Éstas se conocen como «epónimos» y, dentro del léxico de una lengua, son quizás las palabras mejor documentadas, con certificado de nacimiento, de día, mes y año, porque son personas concretas quienes las han bautizado, o en cuyo recuerdo se han puesto esos nombres (y no siempre como homenaje: se dice que la familia del impulsor de la guillotina tuvo que cambiarse de apellido cuando el uso de este epónimo se extendió como la pólvora) En este libro se reúnen más de mil palabras, ordenadas temáticamente en apartados. De manera narrativa y amena, aprenderás la historia que hay detrás de estos vocablos incorporados al lenguaje común. Descubrirás los curiosos orígenes de palabras como adefesio o pordiosero, o qué es Jauja exactamente... Un libro divertido y sorprendente, para los amantes de la lengua y para los curiosos, con el que profundizar en la riqueza del español. |
| 650 #4 - PUNTO DE ACCESO ADICIONAL DE MATERIA--TÉRMINO DE MATERIA |
| Término de materia o nombre geográfico como elemento de entrada |
Lengua española- |
| Subdivisión general |
Etimología |
| Fuente del encabezamiento o término |
embne |
| 9 (RLIN) |
14156 |
| 700 ## - ENTRADA AGREGADA--NOMBRE PERSONAL |
| Nombre de persona |
Restrepo, J. Mauricio |
| 9 (RLIN) |
236842 |
| Término indicativo de función/relación |
Ilustrador |
| 852 ## - LOCALIZACIÓN |
| Ubicación |
ES-MaACL |
| Ubicación en estantería |
Depósito J |
| Número de control de estantería |
N-9998 |
| Donativo/Legado |
Donación: José Lázaro García |
| Encuadernación |
Encuadernación rústica con solapas |
| Signatura antigua |
Olim: DB-09 |
| itemnumber |
206145 |
| 903 ## - NOMBRE PERSONAL DE DONANTE |
| 9 |
234219 |
| a |
Lázaro García, José |
| e |
Donante |
| 942 ## - ELEMENTOS DE ENTRADA SECUNDARIOS (KOHA) |
| Tipo de ítem Koha |
Libro impreso |
| Suprimir en OPAC |
No |